Uốn lưỡi bảy lần trước khi nói
Sách dành cho những ai quan tâm đến việc tạo ra sự hiểu biết sâu sắc hơn với đồng nghiệp, khách hàng, gia đình và bạn bè của mình.
Đã lưu trong:
| Príomhúdar: | |
|---|---|
| Formáid: | Leabhar |
| Teanga: | Undetermined |
| Foilsithe: |
Hà Nội
Nxb. Đại học kinh tế quốc dân
2013
|
| Ábhair: | |
| Clibeanna: |
Cuir Clib Leis
Gan Chlibeanna, Bí ar an gcéad duine leis an taifead seo a chlibeáil!
|
| Thư viện lưu trữ: | Trung tâm Học liệu Trường Đại học Cần Thơ |
|---|
| LEADER | 00836nam a2200205Ia 4500 | ||
|---|---|---|---|
| 001 | CTU_196717 | ||
| 008 | 210402s9999 xx 000 0 und d | ||
| 020 | |c 45000 | ||
| 082 | |a 153.6 | ||
| 082 | |b M113 | ||
| 100 | |a McFarlan, Bill | ||
| 245 | 0 | |a Uốn lưỡi bảy lần trước khi nói | |
| 245 | 0 | |c Bill McFarlan ; Trịnh Thanh Thủy dịch | |
| 260 | |a Hà Nội | ||
| 260 | |b Nxb. Đại học kinh tế quốc dân | ||
| 260 | |c 2013 | ||
| 520 | |a Sách dành cho những ai quan tâm đến việc tạo ra sự hiểu biết sâu sắc hơn với đồng nghiệp, khách hàng, gia đình và bạn bè của mình. | ||
| 650 | |a Interpersonal communication,Giao tiếp cá nhân | ||
| 904 | |i Nguyên | ||
| 980 | |a Trung tâm Học liệu Trường Đại học Cần Thơ | ||